| 000 | 00820 a2200229 4500 | ||
|---|---|---|---|
| 001 | 2162214035925789 | ||
| 003 | UA-OsUOA | ||
| 005 | 20260305203958.0 | ||
| 008 | 250212b un ||||| |||| 00| 0 ukr d | ||
| 040 |
_aUA-OsUOA _bukr _cUA-OsUOA _dUA-OsUOA |
||
| 041 | _aukr | ||
| 080 | _a82-1 | ||
| 090 |
_a82-1 _bП27 |
||
| 245 |
_aПерший "Кобзар" Тараса Шевченка 1840 р. _cза ред. Константина Біди |
||
| 260 |
_c1961 _aОттава |
||
| 300 | _a114 с. | ||
| 490 |
_aСлов'янські студії — Оттавський університет _vч. 1 |
||
| 650 |
_2UDC _a82-1 Поезія. Поеми. Вірші _918600 |
||
| 942 |
_cBK _2udc |
||
| 955 | _a3 | ||
| 999 |
_c578173 _d578173 |
||